000
00261nam a2200097Ia 4500
001
1095781
005
20250827003021.0
008
250824s9999 xx 000 0 und d
245
0
_a
ŞİMDİ ŞEHİR İÇİN KALP ZAMANI
_c
KEMAL SAYAR
260
_b
TİMAŞ YAYINLARI
999
_c
1095781
_d
1095781